00892nam a2200253 i 4500001000700000003000900007005001700016007000300033008004100036080003000077080001700107100002500124245005300149260004700202300002200249490002800271500002900299600004600328651005400374830003600428852003300464999001900497952012200516105371ES-MaACL20240223093157.0t|060703s1967 fr ||||1| fre d a929 Lenin, Vladimir Ilych a947"1917/21"1 aLewin, Moshe.97203113aLe dernier combat de Lénine / cMoshé Lewin. aParis : bLes Editions de Minuit, c[1967] a169 p. ; c22 cm.1 aGrands documents ; v29 aBiblioteca Juan Andrade.14aLenin, Vladimir Il'ich,d1870-1924971523 4aRusia-xHistoria-y1917-1921, Revolución.993360 aGrands documents ; v299232708 aES-MaACLjAND-166 bR.109466 c105371d105371 00104070aATENEOMbATENEOMcDEPO2d2008-01-17eSCl0oAND-166p1110001r2023-02-23 00:00:00w2023-02-23yMONOGRAFIA